00577nam a2200181Ia 4500008004100000020001800041082001500059100002300074245005500097250001200152260003800164300001500202600002100217650002100238942000800259952011100267999001700378241115s9999 xx 000 0 und d a0-13-887407-7 a005.43 STA aStallings, William 0aOperating Systems: internals and design principles a3rd ed. aNew Jersey:bPrentice Hall,c1998 axvii,781p. aComputer Science aComputer Science cBBD 001040708BB-CSaUITUbUITUd2001-10-16eBook Netg85.00l0pBB198r2024-11-15 09:47:05w0000-00-00yBBD c24691d24691